| Tag |
First Indicator |
Second Indicator |
Subfields |
| LEADER |
00000cam a2200000Ii 4500 |
| 001 |
in00003774515 |
| 005 |
20170927140109.0 |
| 008 |
160613s1940 txua s000 0 eng d |
| 035 |
|
|
|a (OCoLC)ocn951638932
|
| 035 |
|
|
|a (OCoLC)951638932
|
| 040 |
|
|
|a TXA
|b eng
|e rda
|c TXA
|d UtOrBLW
|
| 043 |
|
|
|a n-us-tx
|
| 049 |
|
|
|a TXAM
|
| 086 |
|
|
|a Z TA245.7 B874 no. B-71 [1940 revised]
|2 txdocs
|
| 090 |
|
|
|a S544.3.T4
|b T22 no. B-71 [1940 revised]
|
| 100 |
1 |
|
|a McCarthy, George P.,
|e author.
|
| 245 |
1 |
0 |
|a Poultry yard equipment /
|c George P. McCarthy and M.R. Bentley.
|
| 264 |
|
1 |
|a College Station, Texas :
|b Agricultural and Mechanical College of Texas, Extension Service,
|c 1940.
|
| 300 |
|
|
|a 14 unnumbered pages :
|b illustrations.
|
| 336 |
|
|
|a text
|b txt
|2 rdacontent
|
| 337 |
|
|
|a unmediated
|b n
|2 rdamedia
|
| 338 |
|
|
|a volume
|b nc
|2 rdacarrier
|
| 490 |
1 |
|
|a [Bulletin] / Extension Service ;
|v B-71
|
| 500 |
|
|
|a Title from cover.
|
| 500 |
|
|
|a "50M-6-40"--Page 2 of cover.
|
| 550 |
|
|
|a In cooperation with the United States Department of Agriculture.
|
| 650 |
|
0 |
|a Poultry
|x Housing
|z Texas.
|
| 650 |
|
0 |
|a Poultry
|x Housing.
|0 http://id.loc.gov/authorities/subjects/sh85105901
|
| 650 |
|
3 |
|a poultry housing.
|
| 650 |
|
3 |
|a animal feeding equipment.
|
| 650 |
|
3 |
|a drinkers.
|
| 650 |
|
3 |
|a food troughs.
|
| 650 |
|
3 |
|a brooders.
|
| 650 |
|
3 |
|a nests.
|
| 650 |
|
7 |
|a Poultry
|x Housing.
|2 fast
|0 (OCoLC)fst01073961
|
| 651 |
|
7 |
|a Texas.
|2 fast
|0 (OCoLC)fst01210336
|
| 653 |
|
|
|a drip pan
|
| 700 |
1 |
|
|a Bentley, M. R.,
|e author.
|
| 710 |
2 |
|
|a Agricultural and Mechanical College of Texas.
|b Extension Service,
|e issuing body.
|0 http://id.loc.gov/authorities/names/no2009065583
|
| 710 |
1 |
|
|a United States.
|b Department of Agriculture,
|e issuing body.
|0 http://id.loc.gov/authorities/names/n79008243
|
| 830 |
|
0 |
|a Bulletin (Agricultural and Mechanical College of Texas. Extension Service) ;
|v B-71 [1940 revised].
|0 http://id.loc.gov/authorities/names/no2009065673
|
| 856 |
4 |
1 |
|z Available online via OAK Trust Repository
|u http://oaktrust.library.tamu.edu/handle/1969.1/156616
|t 0
|
| 994 |
|
|
|a C0
|b TXA
|
| 948 |
|
|
|a cataloged
|b h
|c 2016/6/7
|d o
|e lfurubot
|f 1:37:13 pm
|g AgBull project
|
| 999 |
f |
f |
|s 3ea66cf6-cc2e-3aee-a5d5-b6a5fcb72b47
|i 3b33630b-6f37-3a5a-a0ef-3db3bdbbf543
|t 0
|
| 952 |
f |
f |
|a Texas A&M University
|b College Station
|c Electronic Resources
|d Available Online
|t 0
|e S544.3.T4 T22 no. B-71 [1940 revised]
|g Electronic
|h Library of Congress classification
|
| 998 |
f |
f |
|a S544.3.T4 T22 no. B-71 [1940 revised]
|t 0
|l Available Online
|